Paroles - La mer de Charles Trenet - Statistiques

Statistiques générales
  • Ce quiz a été pris 102 fois
  • Le résultat moyen est 104 sur 175
Statistiques - réponses
Paroles % Correct
mer
100%
d'
99%
La
99%
la
99%
a
98%
A
98%
des
97%
Des
97%
le
97%
Le
97%
qu'
96%
on
94%
voit
94%
danser
93%
long
90%
reflets
84%
clairs
82%
argent
81%
golfes
81%
changeants
60%
Et
57%
Sous
54%
les
53%
Les
53%
ses
51%
Ses
51%
pluie
45%
ciel
44%
au
43%
Au
43%
pour
42%
blancs
39%
blancs)
39%
moutons
39%
azur
38%
si
37%
vie
37%
avec
36%
Avec
36%
Ces
34%
ces
34%
(ces
34%
d'été
33%
mon
33%
d'argent
31%
cœur
29%
Bergère
28%
bercé
27%
Voyez
27%
(voyez)
27%
(voyez
27%
Infinie
26%
confond
25%
roseaux
25%
roseaux)
25%
mouillés
22%
grands
21%
Près
21%
(près
21%
purs
20%
d'azur
19%
oiseaux
19%
anges
18%
étangs
18%
étangs)
18%
maisons
16%
rouillées
15%
bercés
12%
d'amour
11%
d'une
11%
chanson
10%
Aucun quiz correspondant
Distribution des résultats
% des personnes avec chaque résultat
Percentile par nombre de réponses
Votre historique - résultats
Vous n’avez pas pris ce quiz